| 000 | 00629nam a2200217Ia 4500 | ||
|---|---|---|---|
| 003 | IIN | ||
| 005 | 20240209121957.0 | ||
| 008 | 231217s9999 xx 000 0 und d | ||
| 020 |
_cRs.2395.00 _a8184483090 |
||
| 040 |
_aIIN _bEnglish |
||
| 082 |
_a610.73 _bWIL |
||
| 100 | 1 | _aWilkinson, Judith M. | |
| 245 | 1 |
_aFundamentals of Nursing / _cJudith M. Wilkinson and Karen Van Leuven |
|
| 260 |
_bJaypee _aNew Delhi _c2008 |
||
| 300 | _axlvi,1089p. | ||
| 440 |
_aTheory, Concepts and Applications _vVol.1 |
||
| 650 | 1 |
_aFoundation _vNursing |
|
| 650 | 1 |
_aFundamentals _vNursing |
|
| 700 | 1 | _aLeuven, Karen Van | |
| 942 | _cBOOK | ||
| 999 |
_c409 _d409 |
||